| 000 -ლიდერი |
| ფიქსირებული სიგრძის საკონტროლო ველი |
01845nam a22002897a 4500 |
| 003 - საკონტროლო ნომრის იდენტიფიკატორი |
| საკონტროლო ველი |
Ge_BSU |
| 005 - ბოლო ოპერაციის თარიღი და დრო |
| საკონტროლო ველი |
20220210130623.0 |
| 008 - ფიქსირებული სიგრძის მონაცემთა ელემენტები - ზოგადი ინფორმაცია |
| ფიქსირებული სიგრძის საკონტროლო ველი |
220210s2021 ge ||||| |||| 00| 0 geo d |
| 020 ## - წიგნის საერთაშორისო სტანდარტული ნომერი |
| International Standard Book Number |
9789941494536 |
| 041 ## - ენის კოდი |
| Language code of text/sound track or separate title |
geo |
| 080 ## - უნივერსალური ათობითი კლასიფიკაციის ინდექსი |
| Universal Decimal Classification number |
902/904 ბ-91 |
| 100 ## - მთავარი ჩანაწერი - პიროვნების სახელი |
| Personal name |
ბრაგვაძე, ზურაბ |
| 9 (RLIN) |
12746 |
| 245 ## - ცნობა სათაურის შესახებ |
| Title |
ითხვისის ნაქალაქარი : |
| Remainder of title |
არქეოლოგიური ძიებანი / |
| Statement of responsibility, etc |
ზურაბ ბრაგვაძე, ქეთევან დიღმელაშვილი, დავით დარეჯანაშვილი ; რედაქტორი გურამ ყიფიანი ; კულტურული მემკვიდრეობის კვლევის ცენტრი არგვეთი. |
| 264 ## - წარმოების, გამოცემის, დისტრიბუციის და სხვა ცნობები |
| გამოცემის, წარმოების, დისტრიბუციის... ადგილი |
თბილისი : |
| გამოცემის, წარმოების, დისტრიბუციის... სახელწოდება |
არტანუჯი, |
| გამოცემის, წარმოების, დისტრიბუციის... თარიღი |
2021. |
| 300 ## - ფიზიკური აღწერა |
| Extent |
57 გვ. : |
| Other physical details |
ილ. ; |
| Dimensions |
24 სმ. |
| 501 ## - შენიშვნა თანმხლებ მასალაზე |
| With note |
საძიებელი: გვ. 46-47. |
| 504 ## - BIBLIOGRAPHY, ETC. NOTE |
| Bibliography, etc |
ბიბლიოგრაფია: გვ. 36-41. |
| 520 ## - SUMMARY, ETC. |
| Summary, etc |
რეზიუმე ინგლისურ ენაზე. |
| 653 ## - INDEX TERM--UNCONTROLLED |
| Uncontrolled term |
არქეოლოგია |
| 653 ## - INDEX TERM--UNCONTROLLED |
| Uncontrolled term |
საქართველოს კულტურული მემკვიდრეობა |
| 653 ## - INDEX TERM--UNCONTROLLED |
| Uncontrolled term |
ითხვისის ნაქალაქარი |
| 700 ## - ADDED ENTRY--PERSONAL NAME |
| Personal name |
დიღმელაშვილი, ქეთევან |
| Relator term |
ავტორი |
| 9 (RLIN) |
13512 |
| 700 ## - ADDED ENTRY--PERSONAL NAME |
| Personal name |
დარეჯანაშვილი, დავით |
| Relator term |
ავტორი |
| 9 (RLIN) |
13513 |
| 700 ## - ADDED ENTRY--PERSONAL NAME |
| Personal name |
ყიფიანი, გურამ |
| Relator term |
რედაქტორი |
| 9 (RLIN) |
13514 |
| 710 ## - ADDED ENTRY--CORPORATE NAME |
| Corporate name or jurisdiction name as entry element |
კულტურული მემკვიდრეობის კვლევის ცენტრი არგვეთი |
| 9 (RLIN) |
13515 |
| 942 ## - ADDED ENTRY ELEMENTS (KOHA) |
| Source of classification or shelving scheme |
|
| Koha item type |
წიგნი |